[Event "IV Open"]
[Site "Crema ITA"]
[Date "2002.09.06"]
[Round "1"]
[White "Gardon, Ermanno"]
[Black "Moratto, Davide"]
[Result "0-1"]
[WhiteElo "2108"]
[BlackElo "1557"]
[PlyCount "112"]
[EventDate "2002.09.06"]

1. Nf3 Nf6 2. g3 g6 3. Bg2 Bg7 4. O-O O-O 5. d3 d6 6. e4 e5 7. c3 c6 8. Qc2 Bd7
9. Nbd2 Qc8 10. Nc4 Ne8 11. Re1 Bh3 12. Bh1 h6 13. a4 Kh7 14. Be3 f5 15. exf5
Qxf5 16. Nh4 Qf7 17. d4 Nd7 18. dxe5 Nxe5 19. Nxe5 Bxe5 20. Be4 Bf5 21. Nxf5
gxf5 22. Bg2 d5 23. Bxh6 Bxc3 24. Bxf8 Bxe1 25. Rxe1 Qxf8 26. Qe2 Ng7 27. Qe7
Qxe7 28. Rxe7 Rb8 29. Kf1 Kg6 30. h4 Kf6 31. Rd7 a5 32. Ke2 Ne6 33. Bh3 b5 34.
Kd2 bxa4 35. Kc1 Nd4 36. Rc7 Re8 37. Kd2 Nf3+ 38. Kd3 Ne5+ 39. Kc3 Re6 40. Ra7
Nc4 41. Bf1 Nd6 42. Bd3 c5 43. Rxa5 d4+ 44. Kd2 c4 45. Bf1 d3 46. Rxa4 Ne4+ 47.
Kd1 Nxf2+ 48. Kd2 Ne4+ 49. Kd1 Nxg3 50. Bg2 Re2 51. Bd5 Rxb2 52. Bxc4 Ne4 53.
Ra6+ Ke5 54. Ra5+ Kf4 55. Bxd3 Rd2+ 56. Ke1 Rxd3 0-1

[Event "IV Open"]
[Site "Crema ITA"]
[Date "2002.09.06"]
[Round "1"]
[White "Gentili, Gianguido"]
[Black "Florio, Italo"]
[Result "1-0"]
[WhiteElo "1684"]
[BlackElo "1437"]
[PlyCount "73"]
[EventDate "2002.09.06"]

1. e4 d6 2. d4 g6 3. Nc3 Bg7 4. Be3 Nf6 5. f3 O-O 6. Qd2 Nbd7 7. O-O-O b6 8. g4
e5 9. d5 Nc5 10. h4 Bd7 11. Nge2 a5 12. Ng3 a4 13. Bh6 b5 14. Bxg7 Kxg7 15. h5
Ng8 16. Bxb5 Bxb5 17. Nxb5 Kh8 18. Kb1 Qe7 19. Rh3 Rfb8 20. c4 Rb6 21. Rdh1 g5
22. Nf5 Qd8 23. R3h2 h6 24. Qc3 Kh7 25. Rg1 Ne7 26. Ne3 f6 27. Nc2 c6 28. dxc6
Nxc6 29. Rd1 Ne7 30. Rhd2 Nc8 31. Qa3 Rc6 32. Rd5 Qe7 33. Ne3 Raa6 34. Nf5 Qf8
35. Nbxd6 Nb6 36. Rxc5 Nxc4 37. Rxc4 1-0

[Event "IV Open"]
[Site "Crema ITA"]
[Date "2002.09.06"]
[Round "1"]
[White "Giussani, Giovanni"]
[Black "Bison, Beniamino"]
[Result "0-1"]
[WhiteElo "1591"]
[BlackElo "2197"]
[PlyCount "40"]
[EventDate "2002.09.06"]

1. e4 e6 2. Nc3 d5 3. exd5 exd5 4. d4 Bb4 5. a3 Bxc3+ 6. bxc3 Nc6 7. Nf3 Nf6 8.
Bd3 O-O 9. O-O Bg4 10. h3 Bh5 11. Bg5 Qd6 12. Bxf6 Qxf6 13. Be2 Rfe8 14. Re1
Re7 15. Nh2 Rae8 16. f3 Nxd4 17. cxd4 Rxe2 18. Rxe2 Rxe2 19. c3 Qe7 20. Nf1
Bxf3 0-1

[Event "IV Open"]
[Site "Crema ITA"]
[Date "2002.09.06"]
[Round "1"]
[White "Gualazzi, Paolo"]
[Black "Bonazzi, Edoardo"]
[Result "1-0"]
[WhiteElo "1576"]
[BlackElo "2133"]
[PlyCount "79"]
[EventDate "2002.09.06"]

1. d4 Nf6 2. c4 c5 3. e3 cxd4 4. exd4 d5 5. Nf3 Nc6 6. cxd5 Nxd5 7. Nc3 e6 8.
Bb5 a6 9. Ba4 b5 10. Bc2 Be7 11. O-O Nxc3 12. bxc3 O-O 13. Qd3 g6 14. Re1 Bb7
15. Bh6 Re8 16. Rad1 Na5 17. a4 Nc4 18. Qe2 Qd5 19. Bb3 Rec8 20. Rb1 Qh5 21.
Bf4 Qf5 22. Bg3 Bxf3 23. gxf3 Bg5 24. Bc2 Qf6 25. Be4 Nd2 26. Be5 Nxb1 27. Bxf6
Nxc3 28. Qd3 Nxe4 29. Bxg5 Nxg5 30. f4 Rc4 31. fxg5 Rxa4 32. Rc1 Rd8 33. Rc7
Rdxd4 34. Qf3 Rf4 35. Rc8+ Kg7 36. Qc3+ Rfd4 37. f4 e5 38. Qc5 Ra1+ 39. Kg2
Ra2+ 40. Kf3 1-0

[Event "IV Open"]
[Site "Crema ITA"]
[Date "2002.09.06"]
[Round "1"]
[White "Gualtieri, Primo"]
[Black "Cocozza, Mario"]
[Result "0-1"]
[WhiteElo "1609"]
[BlackElo "2354"]
[PlyCount "100"]
[EventDate "2002.09.06"]

1. e4 c6 2. d4 d5 3. Nc3 dxe4 4. Nxe4 Nd7 5. Nf3 Ngf6 6. Ng3 e6 7. Bc4 Nb6 8.
Bd3 c5 9. dxc5 Bxc5 10. O-O O-O 11. Qe2 Qc7 12. Ne4 Be7 13. Bg5 Nbd5 14. Nxf6+
Nxf6 15. Rfd1 Rd8 16. Rd2 Bd7 17. Rad1 Be8 18. Bb5 Bxb5 19. Qxb5 Qxc2 20. Qe2
Rxd2 21. Qxd2 Qxd2 22. Rxd2 Rd8 23. Kf1 Rxd2 24. Nxd2 Kf8 25. Nc4 Ne4 26. Bf4
b5 27. Na5 Bc5 28. Be3 Bxe3 29. fxe3 Ke8 30. Nc6 Kd7 31. Nb4 Kd6 32. Ke2 g5 33.
Nd3 a5 34. Ne1 Kd5 35. Nf3 f6 36. Nd4 Nd6 37. Kd3 f5 38. Ne2 Nc4 39. b3 Ne5+
40. Kd2 b4 41. Ng3 Ng4 42. h3 Nf6 43. Nh1 Ne4+ 44. Kd3 h5 45. g3 e5 46. h4 gxh4
47. gxh4 f4 48. exf4 exf4 49. Ke2 Ke5 50. Kf3 Kf5 0-1

[Event "IV Open"]
[Site "Crema ITA"]
[Date "2002.09.06"]
[Round "1"]
[White "Impellizzeri, Francesco"]
[Black "Bertoletti, Vincenzo"]
[Result "0-1"]
[WhiteElo "1645"]
[BlackElo "1380"]
[PlyCount "90"]
[EventDate "2002.09.06"]

1. Nf3 Nf6 2. b3 g6 3. Bb2 Bg7 4. g3 O-O 5. Bg2 d5 6. d3 c5 7. O-O Nc6 8. Nbd2
Be6 9. Rc1 b5 10. Ng5 Bg4 11. c4 h6 12. Ngf3 bxc4 13. dxc4 d4 14. h3 Bd7 15.
Ne1 e5 16. Nd3 Qb6 17. Ba3 Rfe8 18. Bxc5 Qa5 19. Qc2 e4 20. Nxe4 Nxe4 21. b4
Qc7 22. b5 Nxc5 23. Nxc5 Nb4 24. Na6 Nxa6 25. Bxa8 Rxa8 26. bxa6 Bxh3 27. Qe4
Rb8 28. Rfd1 Bf5 29. Qd5 Qb6 30. c5 Qxa6 31. c6 Qxe2 32. c7 Rf8 33. Re1 Qa6 34.
Rc6 Qb7 35. Rec1 h5 36. Qc5 Rc8 37. Qe7 Rf8 38. Qd8 Kh7 39. c8=Q Bxc8 40. Qd5
Be6 41. Qd6 Qb5 42. R1c5 Qb1+ 43. Kg2 Qe4+ 44. Kg1 Bh3 45. Qd5 Bg2 0-1

[Event "IV Open"]
[Site "Crema ITA"]
[Date "2002.09.06"]
[Round "1"]
[White "Marchiano, Nicola"]
[Black "Pezzotta, Gianni"]
[Result "1-0"]
[WhiteElo "1633"]
[BlackElo "1380"]
[PlyCount "37"]
[EventDate "2002.09.06"]

1. e4 d6 2. d4 Nf6 3. Nc3 g6 4. Bg5 Bg7 5. f4 c6 6. Nf3 O-O 7. Bc4 Qb6 8. Bb3
Qa5 9. O-O Na6 10. Qd2 Bg4 11. e5 Bxf3 12. Rxf3 dxe5 13. fxe5 Nd5 14. Nxd5 Qxd2
15. Nxe7+ Kh8 16. Bxd2 Rad8 17. c3 Rd7 18. Bg5 f5 19. exf6 1-0

[Event "IV Open"]
[Site "Crema ITA"]
[Date "2002.09.06"]
[Round "1"]
[White "Masotti, Roberto"]
[Black "Humel, Andrea"]
[Result "1-0"]
[WhiteElo "1711"]
[BlackElo "1470"]
[PlyCount "57"]
[EventDate "2002.09.06"]

1. Nf3 Nf6 2. c4 g6 3. Nc3 Bg7 4. e4 d6 5. d4 O-O 6. Be2 Na6 7. O-O c5 8. d5
Bd7 9. Bf4 Nc7 10. Re1 Rb8 11. a4 Nh5 12. Be3 Re8 13. Nd2 Bxc3 14. bxc3 Ng7 15.
e5 b6 16. Bf4 Bc8 17. Ne4 Nf5 18. exd6 Nxd6 19. Bd3 Nxe4 20. Bxe4 e5 21. dxe6
Qxd1 22. exf7+ Kxf7 23. Raxd1 Re7 24. Bd5+ Nxd5 25. Rxe7+ Kxe7 26. Bxb8 Nxc3
27. Rd3 Ne2+ 28. Kf1 Nf4 29. Bxf4 1-0

[Event "IV Open"]
[Site "Crema ITA"]
[Date "2002.09.06"]
[Round "1"]
[White "Menini, Luca"]
[Black "Braghetta, Sergio"]
[Result "0-1"]
[WhiteElo "1600"]
[BlackElo "2265"]
[PlyCount "42"]
[EventDate "2002.09.06"]

1. d4 d5 2. c4 e6 3. Nc3 c6 4. Nf3 Nf6 5. Bg5 h6 6. Bxf6 Qxf6 7. e3 Nd7 8. c5
b6 9. b4 bxc5 10. bxc5 Bxc5 11. dxc5 Qxc3+ 12. Nd2 Nxc5 13. Rb1 O-O 14. Be2 Ne4
15. Rb3 Qa5 16. f3 Nc3 17. Qc2 Nxe2 18. Kxe2 c5 19. Rhb1 Bd7 20. Rb7 Bc6 21.
R7b2 c4 0-1

[Event "IV Open"]
[Site "Crema ITA"]
[Date "2002.09.06"]
[Round "1"]
[White "Miatello, Alberto"]
[Black "Peron, Davide"]
[Result "1/2-1/2"]
[WhiteElo "1878"]
[BlackElo "1516"]
[PlyCount "108"]
[EventDate "2002.09.06"]

1. e4 c5 2. Nf3 d6 3. d4 cxd4 4. Nxd4 Nf6 5. Nc3 a6 6. Bc4 e5 7. Nf5 Be6 8.
Bxe6 fxe6 9. Ne3 Be7 10. Ng4 Nbd7 11. Nxf6+ Nxf6 12. Bg5 O-O 13. Bxf6 Rxf6 14.
O-O Qc7 15. a4 Raf8 16. Qd3 Qc5 17. Nd1 Rf4 18. c3 Bh4 19. g3 Rf3 20. Qd2 Be7
21. b4 Qc4 22. Qa2 Qxa2 23. Rxa2 Bg5 24. h4 Be7 25. Rd2 h6 26. Ne3 h5 27. Nd1
g6 28. Re1 Rc8 29. Kg2 Rcf8 30. Re3 Rxe3 31. Nxe3 Rc8 32. Rc2 b6 33. c4 Kf7 34.
Kf1 g5 35. hxg5 Bxg5 36. Ke2 Be7 37. Kd3 h4 38. gxh4 Bxh4 39. f3 Be1 40. Rb2 a5
41. Nc2 Bxb4 42. Nxb4 axb4 43. Rxb4 Rc6 44. Rb1 Ke8 45. Rh1 Rc7 46. Rh8+ Kd7
47. Rh7+ Kc6 48. Rh1 Rf7 49. Rf1 Kc5 50. Kc3 Rd7 51. Kb3 Rf7 52. Rf2 Rf4 53.
Kc3 Rf7 54. Kb3 Rf4 1/2-1/2

[Event "IV Open"]
[Site "Crema ITA"]
[Date "2002.09.06"]
[Round "1"]
[White "Mussap, Angelo"]
[Black "Pagliari, Franco"]
[Result "1-0"]
[WhiteElo "1825"]
[BlackElo "1500"]
[PlyCount "57"]
[EventDate "2002.09.06"]

1. e4 e5 2. Nf3 Nc6 3. Bb5 a6 4. Ba4 b5 5. Bb3 Nf6 6. d3 Bc5 7. O-O O-O 8. Bg5
h6 9. Bh4 Be7 10. Bg3 d6 11. Nc3 Bg4 12. Nd5 Nd4 13. Ne3 Nxf3+ 14. gxf3 Bh3 15.
Re1 c6 16. f4 exf4 17. Bxf4 Qd7 18. Kh1 Ng4 19. Qf3 Nxe3 20. Rxe3 Bg4 21. Qg2
Bh4 22. Rg1 h5 23. h3 Bxf2 24. Qxf2 Bxh3 25. Bh6 Bg4 26. Bg5 Kh8 27. Reg3 f5
28. Qh2 Rae8 29. Rxg4 1-0

[Event "IV Open"]
[Site "Crema ITA"]
[Date "2002.09.06"]
[Round "1"]
[White "Pancioni, Marco"]
[Black "Massa, Salvenrico"]
[Result "0-1"]
[WhiteElo "1500"]
[BlackElo "1753"]
[PlyCount "94"]
[EventDate "2002.09.06"]

1. d4 d5 2. c4 dxc4 3. Nc3 e5 4. Nf3 exd4 5. Qxd4 Qxd4 6. Nxd4 Bd7 7. e3 c5 8.
Ndb5 Na6 9. Bxc4 Be6 10. Bd5 Bxd5 11. Nxd5 Kd7 12. O-O Kc6 13. Nbc3 Ne7 14. e4
Nc7 15. Nxc7 Kxc7 16. Bf4+ Kc6 17. Rfd1 Ng6 18. Bg3 Be7 19. Nd5 Rhd8 20. Rd2
Bg5 21. Rd3 c4 22. Rd4 b5 23. Rad1 a6 24. f4 Bf6 25. e5 Bh4 26. Bxh4 Nxh4 27.
Nb4+ Kc7 28. Nxa6+ Rxa6 29. Rxd8 Rxa2 30. R8d7+ Kb6 31. Rxf7 Rxb2 32. Rxg7 Nf5
33. Rf7 Ne3 34. Rd6+ Kc5 35. Rc7+ Kb4 36. g3 h5 37. e6 Rg2+ 38. Kh1 Re2 39. h3
Nf5 40. Rd1 Nxg3+ 41. Kg1 Rxe6 42. Rb1+ Ka5 43. Rb7 Ne2+ 44. Kf2 Nc3 45. Re1
Rc6 46. f5 Rf6 47. Re5 Ka4 0-1

[Event "IV Open"]
[Site "Crema ITA"]
[Date "2002.09.06"]
[Round "1"]
[White "Potenza, Gaetano"]
[Black "Gilardone, Adriano"]
[Result "0-1"]
[WhiteElo "1476"]
[BlackElo "1729"]
[PlyCount "98"]
[EventDate "2002.09.06"]

1. e4 e6 2. d4 d5 3. Nc3 dxe4 4. Nxe4 Bd7 5. Bd3 Bc6 6. c3 Nd7 7. Nf3 Ngf6 8.
Nxf6+ Nxf6 9. Bg5 Be7 10. O-O O-O 11. Ne5 Qd5 12. Nxc6 Qxc6 13. Bxf6 Bxf6 14.
Qc2 g6 15. Rfe1 Qd6 16. Re3 Rfd8 17. Rae1 c5 18. Rf3 Bg7 19. dxc5 Qxc5 20. Re4
Rd7 21. Rc4 Qe7 22. Rcf4 Qg5 23. h4 Qc5 24. Rc4 Qd6 25. h5 Rad8 26. hxg6 hxg6
27. Rh4 Qe7 28. Rhh3 Rd5 29. Bxg6 fxg6 30. Qxg6 Rf5 31. Rfg3 Qf6 32. Qh7+ Kf8
33. Rf3 Rd1+ 34. Kh2 Qe5+ 35. Rhg3 Rxf3 36. gxf3 Rd5 37. f4 Qh5+ 38. Qxh5 Rxh5+
39. Kg2 Rb5 40. b4 Kf7 41. Rd3 Rd5 42. Re3 b5 43. Kf3 Rd2 44. a3 Rc2 45. Ke4
Rxc3 46. f5 exf5+ 47. Kd5 Rxe3 48. fxe3 Kf6 49. Kc6 Bh6 0-1

[Event "IV Open"]
[Site "Crema ITA"]
[Date "2002.09.06"]
[Round "1"]
[White "Sbarra, Marco"]
[Black "Raffaldi, Fabrizio"]
[Result "1-0"]
[WhiteElo "2237"]
[BlackElo "1560"]
[PlyCount "103"]
[EventDate "2002.09.06"]

1. e4 c5 2. Nf3 d6 3. c3 Nc6 4. Bb5 Bd7 5. O-O Nf6 6. Re1 g6 7. d4 cxd4 8. cxd4
e5 9. Nc3 exd4 10. Nxd4 Be7 11. Nd5 O-O 12. Nxe7+ Qxe7 13. Nxc6 bxc6 14. Ba4
Nh5 15. Qf3 Qf6 16. Qxf6 Nxf6 17. Bg5 c5 18. Bxd7 Nxd7 19. Rad1 Nb6 20. Be7
Rfe8 21. Bxd6 c4 22. Bc5 Na4 23. Bd4 Rab8 24. Rd2 Rbd8 25. f3 Nxb2 26. Rc1 Re6
27. Rxb2 Rxd4 28. Rb4 Red6 29. Rbxc4 Rxc4 30. Rxc4 Rd1+ 31. Kf2 Rd2+ 32. Kg3
Rxa2 33. h4 h5 34. e5 Kg7 35. Rc7 Ra6 36. Kf4 Ra4+ 37. Kg5 Ra2 38. e6 Ra5+ 39.
Kf4 Ra4+ 40. Kg3 Ra6 41. exf7 Rf6 42. Rxa7 Kf8 43. Kf2 Rb6 44. g3 Rb2+ 45. Ke3
Rb6 46. Kf4 Rb4+ 47. Kg5 Rb6 48. Kh6 Rf6 49. f4 Re6 50. Kg5 Rd6 51. f5 gxf5 52.
Kxh5 1-0

[Event "IV Open"]
[Site "Crema ITA"]
[Date "2002.09.06"]
[Round "1"]
[White "Scotti, Luigi"]
[Black "Distratis, Gianluca"]
[Result "0-1"]
[WhiteElo "1399"]
[BlackElo "1675"]
[PlyCount "116"]
[EventDate "2002.09.06"]

1. e4 d5 2. exd5 Nf6 3. d4 Nxd5 4. c4 Nb6 5. Nc3 g6 6. Nf3 Bg7 7. Be3 Nc6 8. h3
O-O 9. Be2 e5 10. dxe5 Qe7 11. Nd5 Nxd5 12. cxd5 Nxe5 13. Qd2 Rd8 14. Rc1 b6
15. Nxe5 Bxe5 16. Bf3 Ba6 17. Be2 Bxe2 18. Kxe2 Rd6 19. Rhd1 Rad8 20. Qb4 Qd7
21. Bg5 f6 22. Be3 Rxd5 23. Qb3 Kg7 24. f4 Rxd1 25. Rxd1 Qxd1+ 26. Qxd1 Rxd1
27. Kxd1 Bxb2 28. Kc2 Ba3 29. Kb3 Bd6 30. Kc4 c6 31. g3 Kf7 32. Bd4 Ke6 33. a4
f5 34. Bf2 Bc7 35. Be1 a6 36. Bf2 b5+ 37. axb5 axb5+ 38. Kc5 Kd7 39. Be1 Bb8
40. Kb6 Kd6 41. Bb4+ Kd5 42. Be7 Bd6 43. Bg5 Bc5+ 44. Ka5 Bf2 45. g4 Ke4 46.
Kb4 Be3 47. gxf5 gxf5 48. h4 h5 49. Bh6 Bxf4 50. Bg5 Bg3 51. Kc5 f4 52. Bf6 f3
53. Bd4 f2 54. Bxf2 Bxf2+ 55. Kxc6 b4 56. Kb5 b3 57. Kb4 b2 58. Kb3 b1=Q+ 0-1

[Event "IV Open"]
[Site "Crema ITA"]
[Date "2002.09.06"]
[Round "1"]
[White "Torriani, Piergiorgio"]
[Black "Salami, Marco"]
[Result "0-1"]
[WhiteElo "1600"]
[BlackElo "2206"]
[PlyCount "88"]
[EventDate "2002.09.06"]

1. e4 e6 2. d4 d5 3. Nd2 Nc6 4. c3 e5 5. Ngf3 exd4 6. Nxd4 Nxd4 7. cxd4 dxe4 8.
Nxe4 Qe7 9. Bd3 f5 10. Bg5 Qb4+ 11. Nc3 Qxb2 12. Rc1 Be7 13. Rc2 Qb4 14. Qe2
Kf8 15. Bxe7+ Qxe7 16. Nd5 Qxe2+ 17. Rxe2 Bd7 18. Nxc7 Rc8 19. Rc2 Nf6 20. O-O
Ke7 21. Re1+ Kd6 22. Rec1 a6 23. f3 g6 24. Kf2 Bc6 25. d5 Bxd5 26. Nxd5 Rxc2+
27. Rxc2 Nxd5 28. a3 Re8 29. g3 b5 30. Rd2 Kc5 31. Rc2+ Kb6 32. f4 Ne3 33. Re2
Ng4+ 34. Kg2 Rxe2+ 35. Bxe2 Ne3+ 36. Kf3 Nc2 37. Bd3 Ne1+ 38. Ke2 Nxd3 39. Kxd3
Kc5 40. Kc3 a5 41. Kb3 b4 42. axb4+ axb4 43. h3 h5 44. h4 Kb5 0-1

[Event "IV Open"]
[Site "Crema ITA"]
[Date "2002.09.06"]
[Round "1"]
[White "Venturini, Fabiano"]
[Black "Riva, Carlo"]
[Result "1/2-1/2"]
[WhiteElo "1731"]
[BlackElo "1480"]
[PlyCount "113"]
[EventDate "2002.09.06"]

1. e4 c5 2. Nf3 d6 3. d4 cxd4 4. Nxd4 Nf6 5. Nc3 g6 6. Be3 Bg7 7. Be2 O-O 8.
Qd2 Nc6 9. O-O-O Nxd4 10. Bxd4 Be6 11. Be3 a6 12. Bh6 Qa5 13. Bxg7 Kxg7 14. a3
b5 15. f3 Rab8 16. Nd5 Qxd2+ 17. Rxd2 Nxd5 18. exd5 Bc8 19. c3 Bb7 20. Re1 Rfc8
21. Bd1 Kf8 22. Bb3 Rc5 23. Rd4 Rbc8 24. Red1 R8c7 25. Kd2 h5 26. Ke3 f6 27. h4
Kg7 28. Re1 Rc8 29. Kf2 Kf7 30. Re2 a5 31. Red2 Rb8 32. Re4 Re8 33. a4 Rec8 34.
axb5 Rxb5 35. Ba4 Rbc5 36. Bd7 R8c7 37. Be6+ Kf8 38. g4 hxg4 39. Rxg4 Kg7 40.
Bf5 Rxd5 41. Rxd5 Bxd5 42. Bxg6 Kh6 43. Bd3 Rb7 44. b4 a4 45. c4 Be6 46. Re4
Bf5 47. Re3 Bxd3 48. Rxd3 Rxb4 49. Re3 Rxc4 50. Rxe7 Rxh4 51. Ra7 Rh2+ 52. Ke3
Ra2 53. Ra6 a3 54. Rxd6 Kg6 55. Ra6 Ra1 56. Kf4 a2 57. Ra5 1/2-1/2

[Event "IV Open"]
[Site "Crema ITA"]
[Date "2002.09.06"]
[Round "2"]
[White "Badalotti, Dario"]
[Black "Scotti, Luigi"]
[Result "0-1"]
[WhiteElo "1585"]
[BlackElo "1399"]
[PlyCount "84"]
[EventDate "2002.09.06"]

1. e4 c5 2. Nf3 d6 3. Nc3 Nf6 4. d4 cxd4 5. Nxd4 a6 6. Bg5 e6 7. Be2 Be7 8. O-O
Nc6 9. Nb3 O-O 10. Qd3 Bd7 11. Bxf6 gxf6 12. Rad1 Ne5 13. Qe3 b5 14. Kh1 b4 15.
Nb1 a5 16. c3 Rc8 17. cxb4 axb4 18. Rd4 Qb6 19. Qg3+ Kh8 20. f4 Rg8 21. Qh3 Nc6
22. Rd2 Qb7 23. Bd3 e5 24. Qh5 Rcf8 25. f5 Rg7 26. Bc4 Be8 27. Bd5 Qb5 28. Rf3
Rfg8 29. Rdd3 Rxg2 30. Rd1 Qe2 31. Rdf1 R8g7 32. N1d2 R2g5 33. Qh3 Rg2 34. Bc4
Rg1+ 35. Rxg1 Rxg1+ 36. Kxg1 Qd1+ 37. Kg2 Nd4 38. Nxd4 Qxd2+ 39. Kh1 Qxd4 40.
b3 Qxe4 41. Kg1 Qb1+ 42. Bf1 Qxa2 0-1

[Event "IV Open"]
[Site "Crema ITA"]
[Date "2002.09.06"]
[Round "2"]
[White "Bertoletti, Vincenzo"]
[Black "Mussap, Angelo"]
[Result "0-1"]
[WhiteElo "1380"]
[BlackElo "1825"]
[PlyCount "81"]
[EventDate "2002.09.06"]

1. d4 d5 2. Nf3 Nf6 3. Bf4 Nbd7 4. e3 e6 5. Bd3 Be7 6. Nbd2 b6 7. O-O Nh5 8.
Bg3 Bb7 9. Rc1 c5 10. Bb5 Nhf6 11. Ne5 O-O 12. Ndf3 a6 13. Bc6 Qc8 14. Bxb7
Qxb7 15. c4 Rac8 16. Qb3 dxc4 17. Nxc4 Qc6 18. Nfe5 Nxe5 19. Bxe5 Nd7 20. Bg3
b5 21. Nd2 c4 22. Qc2 Nf6 23. Nf3 Qe4 24. Qe2 Rfd8 25. h3 Nd5 26. Nd2 Qg6 27.
a3 c3 28. Nf3 Qe4 29. Ne5 f6 30. Nd3 a5 31. Rfe1 cxb2 32. Rxc8 Rxc8 33. f3 Qg6
34. Bf2 Bxa3 35. Nf4 Nc3 36. Qd2 Qe8 37. Qc2 Nd5 38. Qb3 Rc3 39. Qa2 Qc6 40. e4
Nxf4 41. d5 0-1

[Event "IV Open"]
[Site "Crema ITA"]
[Date "2002.09.06"]
[Round "2"]
[White "Bison, Beniamino"]
[Black "Marchiano, Nicola"]
[Result "1-0"]
[WhiteElo "2197"]
[BlackElo "1633"]
[PlyCount "69"]
[EventDate "2002.09.06"]

1. d4 d5 2. c4 e6 3. Nc3 c5 4. cxd5 cxd4 5. Qa4+ Bd7 6. Qxd4 exd5 7. Qxd5 Nc6
8. Nf3 Nf6 9. Qd1 Bc5 10. e3 Qe7 11. Be2 O-O-O 12. O-O g5 13. b4 Bxb4 14. Qb3
g4 15. Nd4 Nxd4 16. exd4 Be6 17. Qb2 Kb8 18. Bg5 Bxc3 19. Qxc3 Ne4 20. Bf4+ Ka8
21. Qe3 Nf6 22. Bg5 Rhg8 23. Bh4 Rd5 24. g3 Rh5 25. Bc4 Rxh4 26. gxh4 Nh5 27.
Bd5 Qxh4 28. Bxb7+ Kxb7 29. Rab1+ Kc8 30. Rfc1+ Kd8 31. Rb8+ Kd7 32. Rb7+ Kd8
33. Qe5 Qg5 34. Qb8+ Bc8 35. Qxc8# 1-0

[Event "IV Open"]
[Site "Crema ITA"]
[Date "2002.09.06"]
[Round "2"]
[White "Bonazzi, Edoardo"]
[Black "Venturini, Fabiano"]
[Result "1-0"]
[WhiteElo "2133"]
[BlackElo "1731"]
[PlyCount "109"]
[EventDate "2002.09.06"]

1. c4 Nf6 2. Nf3 d6 3. Nc3 g6 4. d4 Bg7 5. e4 O-O 6. Be2 Nbd7 7. O-O e5 8. d5
a5 9. Bg5 h6 10. Bh4 g5 11. Bg3 Nh5 12. h4 Nf4 13. hxg5 hxg5 14. Nd2 Bf6 15.
Re1 Kg7 16. Nf1 Rh8 17. Ne3 Rh7 18. Nf5+ Kg6 19. Qc2 Qh8 20. f3 Bd8 21. Kf2 Nf6
22. Qb1 N6h5 23. Rh1 Ng7 24. Rxh7 Qxh7 25. Nxg7 Kxg7 26. Ke3 Nh5 27. Bf2 Bd7
28. Qh1 Be7 29. g4 Nf4 30. Qxh7+ Kxh7 31. Rh1+ Kg7 32. Bd1 a4 33. Kd2 a3 34. b4
c6 35. Ne2 Nxe2 36. Bxe2 cxd5 37. cxd5 Ba4 38. Rc1 Bd8 39. Rc3 Bd7 40. Be3 Ra4
41. Rb3 Ra8 42. Kc1 Rc8+ 43. Kb1 Ra8 44. Bc1 Bb6 45. Rxa3 Rh8 46. Be3 Rh1+ 47.
Kc2 Bxe3 48. Rxe3 Rh2 49. Kb3 Rh3 50. Rc3 Kf8 51. a4 Ke8 52. a5 Kd8 53. b5 Rh1
54. Kb2 Rh2 55. Rc2 1-0

[Event "IV Open"]
[Site "Crema ITA"]
[Date "2002.09.06"]
[Round "2"]
[White "Bozuffi, Italo"]
[Black "Pancioni, Marco"]
[Result "1-0"]
[WhiteElo "1600"]
[BlackElo "1500"]
[PlyCount "141"]
[EventDate "2002.09.06"]

1. e4 e5 2. f4 exf4 3. Nf3 Nf6 4. Nc3 d5 5. exd5 Nxd5 6. Nxd5 Qxd5 7. d4 Bd6 8.
Be2 O-O 9. O-O b6 10. c4 Qb7 11. Ng5 h6 12. Bf3 c6 13. Ne4 Bc7 14. Qc2 Be6 15.
b3 Nd7 16. Ba3 Rfe8 17. Bd6 Nf8 18. Ba3 Ng6 19. Qf2 Rad8 20. Rad1 Rd7 21. Bb2
Qc8 22. Nc3 Bb8 23. Rfe1 Red8 24. Be4 Ne7 25. Ne2 g5 26. d5 c5 27. Qf3 Nf5 28.
Rc1 Nd4 29. Nxd4 cxd4 30. dxe6 fxe6 31. Qh3 e5 32. Qe6+ Rf7 33. Qxc8 Rxc8 34.
Bd5 Rd8 35. Bxf7+ Kxf7 36. Rcd1 Kf6 37. Kf2 Kf5 38. h3 h5 39. Kf3 g4+ 40. hxg4+
hxg4+ 41. Kf2 Bd6 42. Rh1 Bc5 43. Rh5+ Kf6 44. Kf1 g3 45. Re1 Bd6 46. Re4 Rg8
47. Ke2 Rg5 48. Rxg5 Kxg5 49. Kf3 Kf5 50. Bxd4 exd4 51. Rxd4 Ke6 52. a4 Bc7 53.
b4 a6 54. Rd5 a5 55. bxa5 bxa5 56. Rh5 Kd7 57. Rh6 Kc8 58. Rc6 Kb7 59. Rxc7+
Kxc7 60. Kxf4 Kc6 61. Kxg3 Kc5 62. Kf4 Kb4 63. g4 Kxa4 64. g5 Kb4 65. g6 a4 66.
g7 a3 67. g8=Q a2 68. Qg7 Kxc4 69. Qa1 Kb3 70. Ke3 Ka3 71. Kd3 1-0

[Event "IV Open"]
[Site "Crema ITA"]
[Date "2002.09.06"]
[Round "2"]
[White "Braghetta, Sergio"]
[Black "Gentili, Gianguido"]
[Result "1-0"]
[WhiteElo "2265"]
[BlackElo "1684"]
[PlyCount "81"]
[EventDate "2002.09.06"]

1. d4 Nf6 2. Nf3 e6 3. Bg5 c5 4. e3 b6 5. Nbd2 Bb7 6. Bd3 Be7 7. c3 O-O 8. O-O
d5 9. Qb1 h6 10. Bh4 Nbd7 11. b4 Qc7 12. Bg3 Qc8 13. h3 Nh5 14. Bh2 f5 15. bxc5
bxc5 16. Bb5 Bc6 17. Qb3 c4 18. Qa4 Nb6 19. Qa5 Bxb5 20. Qxb5 Qe8 21. a4 g5 22.
Bc7 Nc8 23. Ne5 Nd6 24. Qa6 Qc8 25. Qc6 Ne8 26. Ba5 Bd6 27. Ndf3 Nhf6 28. Rab1
Ne4 29. Qxc8 Rxc8 30. Rb7 N8f6 31. Rfb1 Rb8 32. Nc6 Rxb7 33. Rxb7 Rf7 34. Rxa7
Ba3 35. Nfe5 Rxa7 36. Nxa7 Nxc3 37. Bxc3 Ne4 38. Nb5 Nxc3 39. Nxc3 Bb4 40. Na2
Bd2 41. Kf1 1-0

[Event "IV Open"]
[Site "Crema ITA"]
[Date "2002.09.06"]
[Round "2"]
[White "Brunello, Sabino"]
[Black "Sartorio, Diego"]
[Result "1-0"]
[WhiteElo "1957"]
[BlackElo "2050"]
[PlyCount "57"]
[EventDate "2002.09.06"]

1. e4 d6 2. d4 Nf6 3. Nc3 c6 4. Be3 Qa5 5. Qd2 e5 6. f3 b5 7. Nge2 a6 8. Nc1
Nbd7 9. Nb3 Qc7 10. g3 Be7 11. Bg2 Bb7 12. O-O a5 13. d5 Nb6 14. dxc6 Bxc6 15.
Bxb6 Qxb6+ 16. Kh1 b4 17. Nd5 Nxd5 18. exd5 Bb5 19. Rfe1 O-O 20. Bf1 Bxf1 21.
Rxf1 Rac8 22. Qd3 Rc7 23. Nd2 Rfc8 24. b3 Rc5 25. Nc4 Qb7 26. Rfd1 Rd8 27. a3
Bf6 28. axb4 Qxb4 29. Ra4 1-0

[Event "IV Open"]
[Site "Crema ITA"]
[Date "2002.09.06"]
[Round "2"]
[White "Cocozza, Mario"]
[Black "Masotti, Roberto"]
[Result "1/2-1/2"]
[WhiteElo "2354"]
[BlackElo "1711"]
[PlyCount "70"]
[EventDate "2002.09.06"]

1. e4 e6 2. d4 d5 3. Nd2 Be7 4. Bd3 c5 5. Ngf3 Nf6 6. c3 Nc6 7. exd5 Nxd5 8.
O-O cxd4 9. cxd4 Ndb4 10. Bb5 a6 11. Ba4 b5 12. Bb3 Nxd4 13. Nxd4 Qxd4 14. Qf3
Nd5 15. Rd1 Bb7 16. Ne4 Qe5 17. Nc3 Rd8 18. Nxd5 Bxd5 19. Bxd5 exd5 20. Bf4 Qe4
21. Qg3 Qg6 22. Qe3 Qe6 23. Re1 Qxe3 24. Rxe3 Kf8 25. Rc1 g5 26. Be5 Rg8 27.
Rc7 Rg6 28. Bg7+ Kxg7 29. Rexe7 Rf6 30. Kf1 Rdd6 31. h3 d4 32. f3 d3 33. Ke1
Rfe6+ 34. Kd2 Rxe7 35. Rxe7 Kf6 1/2-1/2

[Event "IV Open"]
[Site "Crema ITA"]
[Date "2002.09.06"]
[Round "2"]
[White "Distratis, Gianluca"]
[Black "Ceresoli, Luigi"]
[Result "1/2-1/2"]
[WhiteElo "1675"]
[BlackElo "2204"]
[PlyCount "49"]
[EventDate "2002.09.06"]

1. e4 e5 2. Nf3 Nc6 3. Bb5 a6 4. Bxc6 dxc6 5. O-O Bg4 6. h3 Bxf3 7. Qxf3 Qd7 8.
d3 Nf6 9. Be3 c5 10. a4 Bd6 11. Nc3 O-O 12. a5 Kh8 13. Ne2 Ng8 14. Ng3 g6 15.
Qe2 Rae8 16. c3 f5 17. f4 Nf6 18. fxe5 Bxe5 19. Bf4 Qd6 20. Qe3 Rf7 21. exf5
Nd5 22. Bxe5+ Rxe5 23. Qh6 gxf5 24. Qxd6 cxd6 25. Rae1 1/2-1/2

[Event "IV Open"]
[Site "Crema ITA"]
[Date "2002.09.06"]
[Round "2"]
[White "Fabiano, Manuel"]
[Black "Menini, Luca"]
[Result "0-1"]
[WhiteElo "1383"]
[BlackElo "1600"]
[PlyCount "56"]
[EventDate "2002.09.06"]

1. d4 d5 2. c4 e6 3. Nc3 Nf6 4. Bf4 c6 5. Nf3 Nbd7 6. e3 Be7 7. Bd3 O-O 8. Ne5
dxc4 9. Nxc4 b5 10. Ne5 Bb7 11. Qc2 Rc8 12. Ne4 h6 13. Nxd7 Nxd7 14. Nd6 Bxd6
15. Bxd6 Re8 16. e4 e5 17. O-O exd4 18. f4 a6 19. Rae1 c5 20. e5 c4 21. Bf5 Bd5
22. e6 Bxe6 23. Rxe6 Rxe6 24. Bxe6 fxe6 25. f5 d3 26. Qd2 Qb6+ 27. Kh1 Qxd6 28.
f6 Rf8 0-1